|
|
|
|
| LEADER |
00000cam a2200000 7i4500 |
| 001 |
0000004160 |
| 005 |
20181227.0 |
| 020 |
0 |
0 |
|a 9789672149026
|
| 090 |
0 |
0 |
|a 674.14
|b TIM 2017
|
| 245 |
1 |
0 |
|a Identification of Malaysian Timbers using Dichotomous keys
|c S.C Lim
|
| 260 |
0 |
0 |
|a Kepong, Selangor :
|b FRIM ,
|c 2017
|
| 300 |
|
|
|a 56 p. :
|b ill.col ;
|c 25 cm.
|
| 490 |
0 |
0 |
|a FRIM Technical Information Handbook No.46
|
| 500 |
0 |
0 |
|a Includes bibliography
|
| 650 |
0 |
0 |
|a Timber---Malaysia
|
| 650 |
0 |
0 |
|a Wood---Malaysia
|
| 700 |
0 |
1 |
|a Gan, K.S
|
| 700 |
0 |
1 |
|a Nordahlia, A.S
|
| 998 |
|
|
|a JPSM
|
| 999 |
|
|
|a 008009
|b Monograph
|c Open Shelf
|e Default branch
|